000 02365nam0a2200349 4500
001 RU\NLR\bibl\376792
005 20250622152143.0
021 _aRU
_b2003-16245
_9752
035 _a(NLR Aleph) 000371257
090 _a397124
_c397124
100 _a20030314d2002 |||y0rusy50 ca
101 0 _arus
102 _aRU
105 _aa |||||||||
200 1 _aТехнология производства, переработки и стандартизации продуктов пчеловодства в Дальневосточном регионе
_eУчеб. пособие для студентов спец. 310200 "Агрономия", 310700 "Зоотехния", 311200 "Технология пр-ва и перераб. с.-х. продукции", 320400 "Агроэкология" с.-х. вузов региона
_fЛ.Г. Кодесь
_gМ-во сел. хоз-ва Рос. Федерации. Департамент кадровой политики и образования, Примор. гос. с.-х. акад.
210 _aУссурийск
_cПримор. гос. с.-х. акад.
_d2002
215 _a170 с.
_cил.
_d20
225 1 _aУчебники и учебные пособия для студентов высших учебных заведений
320 _aБиблиогр.: с.167-168
606 0 _aПродукты пчеловодства
_jРуководства, пособия и т.п. для высшей школы
_xПереработка
_92026302
_3RU\NLR\auth\66933011
606 0 _aПродукты пчеловодства
_jУчебные издания для высшей школы
_xПереработка
_92026302
_3RU\NLR\auth\66933011
606 0 _aПчеловодство
_jРуководства, пособия и т.п.
_yДальний Восток Российской Федерации
_92282017
_3RU\NLR\auth\661367158
606 0 _aПчеловодство
_jУчебные издания для высшей школы
_yДальний Восток Российской Федерации
_92282017
_3RU\NLR\auth\661367158
686 _aЛ847я73-1
686 _aП691я73
700 1 _aКодесь
_bЛ. Г.
_gЛюбовь Григорьевна
_4070
801 0 _aRU
_bNLR
_c20030314
_gPSBO
801 1 _aRU
_bNLR
_c20030314
942 _cBOOK
980 _aNB
980 _aNBR